Statistics for Biggest Cities in the Bahamas on a Map

Click here to take the quiz!

General Stats

  • This quiz has been taken 42 times
  • The average score is 4 of 10

Answers on the Map

Answers color-coded by a green-red scale on the quiz's map according to % correct below.
Loading ...
 

Answer Stats

PopulationCity / Town% Correct
238,132Nassau
100%
47,085Freeport
71%
13,004West End
43%
1,578Dunmore Town
31%
2,318Andros Town
29%
1,705Clarence Town
26%
4,222Freetown
26%
3,827High Rock
26%
5,728Marsh Harbor
26%
9,069Coopers Town
23%

Score Distribution

Percentile by Number Answered

Percent of People with Each Score

Your Score History

You have not taken this quiz